| 000 | 00917nam a2200253 a 4500 | ||
|---|---|---|---|
| 001 | 000049139 | ||
| 003 | DO-SdBNP | ||
| 005 | 20230915122947.0 | ||
| 007 | ta | ||
| 008 | 190723s1977 dr a r 000 0 spa d | ||
| 040 |
_aDO-SdBNP _bspa _cBNPHU _erda |
||
| 082 | 4 |
_a460.07 _bL566m _222 |
|
| 245 | 0 | 0 |
_aLenguaje : _bmétodo de lectura y escritura. Cuaderno de trabajo 1er. curso. |
| 264 | 1 |
_aSanto Domingo : _bDominicana y del Caribe (EDYCA), _c1977. |
|
| 300 |
_a95 páginas _bilustraciones _c25 cm. |
||
| 336 |
_2rdacontent _atexto _btxt |
||
| 337 |
_2rdamedia _asin mediación _bn |
||
| 338 |
_2rdacarrier _avolumen _bnc |
||
| 500 | _aLa biblioteca posee el libro del alumno y el cuaderno de trabajo. | ||
| 505 | 0 |
_aLenguaje: _tMétodo de lecturra y escritura. Libro del alumno. _tMétodo de lecturra y escritura. Cuadenor de trabajo. |
|
| 590 | _aInventariado, 2019/BT | ||
| 910 | _aBtavárez | ||
| 942 |
_2ddc _cLBS1 |
||
| 999 |
_c48627 _d48627 |
||